| 000 | 00456nam a2200181Ia 4500 | ||
|---|---|---|---|
| 005 | 20250423101540.0 | ||
| 008 | 250422s9999 xx 000 0 und d | ||
| 020 | _a0-442-00794-9 | ||
| 050 | _aQA 76.76.Q35 .T67/ | ||
| 100 | _aG. Gordon Schulmeyer, CDP | ||
| 245 | 0 | _aTotal Quality Management for Software | |
| 260 | _aNew York | ||
| 260 | _bVan Nostrand Reinhold | ||
| 260 | _c1992 | ||
| 300 | _a497 p | ||
| 650 | _aComputer Science | ||
| 942 | _cBK | ||
| 999 |
_c36610 _d36610 |
||